The Entrepreneur Mind (Record no. 19015)
[ view plain ]
| 000 -LEADER | |
|---|---|
| fixed length control field | 00427nam a22001337a 4500 |
| 008 - FIXED-LENGTH DATA ELEMENTS--GENERAL INFORMATION | |
| fixed length control field | 210708b xxu||||| |||| 00| 0 eng d |
| 020 ## - INTERNATIONAL STANDARD BOOK NUMBER | |
| International Standard Book Number | 0988479708 |
| 050 ## - LIBRARY OF CONGRESS CALL NUMBER | |
| Classification number | HD62.5 |
| Item number | .J64 2013 c.1 |
| 100 ## - MAIN ENTRY--PERSONAL NAME | |
| Personal name | Johnson, Kevin D. |
| 245 ## - TITLE STATEMENT | |
| Title | The Entrepreneur Mind |
| Remainder of title | 100 essential beliefs, characteristics, and habits of elite entrepreneurs |
| Statement of responsibility, etc. | Kevin D. Johnson |
| 260 ## - PUBLICATION, DISTRIBUTION, ETC. (IMPRINT) | |
| Place of publication, distribution, etc. | Atlanta |
| Name of publisher, distributor, etc. | Johnson |
| Date of publication, distribution, etc. | 2013 |
| 300 ## - PHYSICAL DESCRIPTION | |
| Extent | 254p. |
| 942 ## - ADDED ENTRY ELEMENTS (KOHA) | |
| Source of classification or shelving scheme | Library of Congress Classification |
| Koha item type | General Collection |
| Withdrawn status | Lost status | Source of classification or shelving scheme | Not for loan | Home library | Current library | Date acquired | Cost, normal purchase price | Total Checkouts | Total Renewals | Full call number | Barcode | Date last seen | Date last checked out | Price effective from | Koha item type |
|---|---|---|---|---|---|---|---|---|---|---|---|---|---|---|---|
| Library of Congress Classification | Kabarak, Main Campus | Kabarak, Main Campus | 08/07/2021 | 2811.00 | 5 | 2 | HD62.5 .J64 2013 c.1 | 029808 | 02/08/2024 | 28/03/2023 | 08/07/2021 | General Collection | |||
| Library of Congress Classification | Kabarak, Main Campus | Kabarak, Main Campus | 08/07/2021 | 2811.00 | 5 | 3 | HD62.5 .J64 2013 c.2 | 029809 | 02/08/2024 | 19/05/2023 | 08/07/2021 | General Collection | |||
| Library of Congress Classification | Kabarak, Nakuru City Campus | Kabarak, Main Campus | 08/07/2021 | 2811.00 | 4 | 1 | HD62.5 .J64 2013 c.1 | 029810 | 09/02/2026 | 21/01/2026 | 08/07/2021 | General Collection |